| 000 | 00644nam a2200265Ia 4500 | ||
|---|---|---|---|
| 003 | OSt | ||
| 005 | 20231016163639.0 | ||
| 008 | 210210b1953 xxu||||| |||| 00| 0 eng d | ||
| 040 | _cAL | ||
| 041 | _aeng | ||
| 082 | _a590/99 | ||
| 100 |
_aGAMOW (G) _9138195 |
||
| 245 | _aMr Tompkins learns the facts of life | ||
| 260 |
_aCambridge _bAt the University Press _c1953 |
||
| 650 |
_aTompkins _9138196 |
||
| 650 |
_athe _9138197 |
||
| 650 |
_aof _9138198 |
||
| 650 |
_aMr _9138199 |
||
| 650 |
_alife _9138200 |
||
| 650 |
_alearns _9138201 |
||
| 650 |
_afacts _9138202 |
||
| 690 |
_aZoology _9138203 |
||
| 906 | _a010671 | ||
| 942 |
_2ddc _cBK |
||
| 999 |
_c138442 _d138442 |
||